| 000 | 00340nam a22001337a 4500 | ||
|---|---|---|---|
| 008 | 181022b xxu||||| |||| 00| 0 eng d | ||
| 020 | _a9780262700597 | ||
| 041 | _aeng | ||
| 080 | _a159.9 | ||
| 100 | _a48 | ||
| 101 | _aPSI | ||
| 245 |
_aA Dynamic Systems Approach to the Development of Cognition and Action _cThelen,E |
||
| 942 |
_2udc _cBK |
||
| 999 |
_c50454 _d50454 |
||